000 01207nam a22003497a 4500
003 CHAP
005 20220329140010.0
008 971013s1995 r 00010 d
010 _a45280
011 _a46252
035 _a50393
040 _cCHAP
090 _aTesis
100 0 0 _aGallardo Sancen, José Luis.
_944366
245 _aComercialización de la producción de nardo (Polianthes tuberosa L.) del estado de Morelos
260 _aChapingo, Méx. :
_bEl autor,
_c1995
300 _a124 h.
502 _aTesis (Ing. Agr. Esp. en Economía Agrícola) -- UACH. Departamento de Economía Agrícola
590 _aALEPH
_b10
_c20130110
_lUCH01
_h1315
590 _aBATCH-UPD
_b10
_c20130110
_lUCH01
_h0228
590 _aBATCH-UPD
_b10
_c20130110
_lUCH01
_h1657
590 _aBATCH-UPD
_b10
_c20130410
_lUCH01
_h1414
590 _aBATCH-UPD
_b10
_c20130914
_lUCH01
_h1417
590 _aCONVERSION
_b10
_c20130109
_lUCH01
_h1325
650 1 4 _aFlores
_xMorelos.
_941393
650 1 4 _aFloricultura
_xMorelos.
_941844
650 1 4 _aNardo
_xMercadeo.
_980225
901 _aBK
942 _cFOLL
949 _bBC
_cTES
_d-113210
_eTS1
_h28122
_i50393
_si
949 _bBC
_cTES
_d33724000006748
_eTS2
_fc.2
_h28123
_i50393
_si
999 _c45280
_d45280